[Event "European Rapid Championship 2021"]
[Site "Katowice"]
[Date "2021.12.18"]
[Round "1.20"]
[White "Furtak, Joanna"]
[Black "Krasenkow, Michal"]
[Result "0-1"]
[WhiteElo "1877"]
[BlackElo "2576"]
[Annotator "TA"]
[PlyCount "56"]
[EventDate "2021.12.18"]
[EventType "swiss"]
[EventCountry "POL"]
[SourceTitle "playchess.com"]
[Source "ChessBase"]
[SourceQuality "1"]

{[%evp 17,56,22,23,-8,-6,-37,-36,-33,-35,-35,-35,-35,-34,-37,0,-69,-75,-93,-88,
-125,-118,-116,-105,-105,-105,-105,-106,-309,-305,-295,-304,-411,-399,-646,
-632,-898,-648,-29994,-29995,-29995,-29996]} 1. e4 d6 2. d4 Nf6 3. Nc3 c6 4. f4
Qa5 5. Bd3 e5 6. Nf3 Bg4 7. dxe5 dxe5 8. h3 Bxf3 9. Qxf3 Nbd7 {[%cal Bb8d7,
Bd7c5,Bc5d3][%mdl 32]} 10. f5 {B07: Pirc Defence: Miscellaneous Systems.} O-O-O
$5 {[%mdl 4] A promising side line.} 11. Bd2 {[%cal Oc3d5]} Nc5 12. O-O-O {
Black is slightly better.} Nxd3+ 13. cxd3 Nd7 {[#]} 14. Kc2 $146 ({Predecessor:
} 14. h4 f6 15. Kb1 Qa6 16. Rh3 Bb4 17. Ne2 Bxd2 18. Rxd2 Nc5 19. Qe3 Qa5 20.
Rd1 {0-1 (40) Linford,C (2142)-Summerscale,A (2484) Sunningdale 2006}) 14...
Nc5 15. Be3 Be7 16. Qf2 (16. Qg3 $11) 16... Rd7 $15 17. d4 {[#]} Na4 {...exd4
is the strong threat.} 18. Nxa4 Qxa4+ 19. Kb1 exd4 20. Rxd4 Rxd4 21. Bxd4 Rd8
22. Be3 {Loses the game.} (22. f6 $17 {is the only way for White.} Rxd4 23. b3
(23. Qf5+ Kc7 $17)) 22... Qxe4+ $19 23. Ka1 Bh4 24. Qf4 Qxg2 25. Rc1 (25. Qf1
Qe4 26. Bc1) 25... Bf6 {[%csl Gf6][%cal Rg2b2]} 26. Rb1 {[#]} Rd1 $3 {[%csl
Gf6][%cal Rg2b2][%mdl 512]} 27. Qb4 (27. Qf2 Rxb1+) 27... Qc2 {[%csl Gc2][%cal
Rd1b1]} 28. Qf8+ Bd8 {Weighted Error Value: White=1.14/Black=0.14 (very
precise)} 0-1

[Event "European Rapid Championship 2021"]
[Site "Katowice"]
[Date "2021.12.18"]
[Round "1.20"]
[White "Hampel, Anna"]
[Black "Szwed, Jacek"]
[Result "0-1"]
[WhiteElo "1667"]
[BlackElo "2372"]
[Annotator "TA"]
[PlyCount "100"]
[EventDate "2021.12.18"]
[EventType "swiss"]
[EventCountry "POL"]
[SourceTitle "playchess.com"]
[Source "ChessBase"]
[SourceQuality "1"]

{[%evp 12,100,35,4,9,0,6,0,15,-47,-46,-39,-44,-50,-49,-44,-48,-57,-52,-54,-59,
-77,-43,-86,-79,-99,-72,-78,-59,-67,-64,-68,-67,-62,-55,-54,-46,-100,-92,-97,
-98,-122,-108,-85,-88,-188,-190,-165,-180,-170,-145,-177,-172,-163,-161,-236,
-154,-203,-202,-201,-200,-192,-183,-175,-136,-321,-344,-310,-310,-882,-890,
-1023,-974,-1448,-595,-1060,-869,-4133,-4402,-2495,-2259,-29953,-8574,-6482,
-4394,-29960,-5894,-29979,-29980,-29985,-29984]} 1. e4 c5 2. Nf3 e6 3. d4 cxd4
4. Nxd4 Nc6 5. Nc3 Qc7 6. Nxc6 dxc6 7. Bd3 Nf6 {B47: Sicilian: Taimanov: 5 Nc3
Qc7 6 f4, 6 g3 and 6 Be2.} 8. O-O e5 9. f4 Bd6 {[%cal Re5f4] [#] The position
is equal.} 10. Qf3 $146 ({White should play} 10. Qe1 $11) ({Predecessor:} 10.
f5 b5 11. a4 b4 12. Nb1 h5 13. Qf3 b3 14. cxb3 Ng4 15. Kh1 Bc5 16. Bg5 Qd7 17.
Nc3 f6 18. Bh4 Ne3 19. Rfe1 Qxd3 20. Bf2 Rb8 21. Bxe3 {½-½ (21) Florean,A 
(2426)-Shabalov,A (2605) Chicago 2006}) 10... exf4 $15 11. Bxf4 Bxf4 12. Qxf4
Qxf4 13. Rxf4 Ng4 14. Bc4 Ne5 15. Bb3 Ke7 16. Rd1 h5 (16... Bg4 $5 {[%cal
Rg4d1]} 17. Re1 f6 $15) 17. Na4 (17. h3 $15 {is more appropriate.}) 17... b6
$17 18. h3 Ba6 19. Rf2 f6 20. Rfd2 Rad8 21. Kf2 Rxd2+ (21... g5 {seems wilder.}
22. Nc3 h4 23. Rxd8 Rxd8 24. Rxd8 Kxd8 25. Bg8 Kd7) 22. Rxd2 h4 23. Nc3 Rh5 24.
Ne2 (24. Nd1 $15) 24... Bxe2 25. Kxe2 {[%mdl 4096] Endgame KRB-KRN} Rg5 26. Ke3
Rg3+ 27. Kf2 Ng6 {Black is more active.} 28. Ba4 (28. Bc4 $17 {might work
better.}) 28... Nf4 $19 29. Kf1 b5 30. Bb3 Re3 31. a4 Rxe4 32. axb5 cxb5 33.
Kf2 (33. Bd5 {is a better defense.} Nxd5 34. Rxd5) 33... Re5 34. Kf3 (34. g3
$17 hxg3+ 35. Kxg3) 34... g5 35. c3 f5 36. Bc2 Nd5 37. Bd3 Nb6 38. Re2 $2 {
[#] This move loses the game for White.} (38. Be2 $17 {was worth a try.}) 38...
Rxe2 39. Kxe2 {KB-KN} Nc4 40. Bxf5 $2 (40. b3 Nd6 41. Ke3) 40... Nxb2 41. Kf3
Nc4 42. Bc2 Nd6 (42... a5 $142 {...a4 is the strong threat.} 43. Ke2 Kd6) 43.
Kg4 Kf6 44. Bd3 a5 {[%cal Ba7a5,Ba5a4,Ba4a3][%mdl 32]} 45. Kf3 Ke5 46. Ke3 Nc4+
47. Ke2 Kf4 48. Kf2 a4 {[#] ( -> ...a3)} 49. Bb1 Nd2 50. Bd3 a3 {Weighted
Error Value: White=1.15/Black=0.15 (very precise)} 0-1

[Event "European Rapid Championship 2021"]
[Site "Katowice"]
[Date "2021.12.18"]
[Round "1.21"]
[White "Mirzoev, Emil"]
[Black "Czyzak, Blazej"]
[Result "1-0"]
[WhiteElo "2418"]
[BlackElo "1635"]
[Annotator "TA"]
[PlyCount "51"]
[EventDate "2021.12.18"]
[EventType "swiss"]
[EventCountry "POL"]
[SourceTitle "playchess.com"]
[Source "ChessBase"]
[SourceQuality "1"]

{[%evp 9,51,4,38,33,31,30,24,30,41,16,41,28,51,26,112,45,254,77,309,289,319,
328,309,318,322,326,313,295,289,281,374,312,370,364,342,241,407,389,508,502,
1312,1369,1225,1221]} 1. Nf3 c5 2. b3 Nc6 3. Bb2 Nf6 4. e3 d5 5. Bb5 Bf5 6.
Bxc6+ {A06: Réti Opening: 1 Nf3 d5.} bxc6 7. O-O e6 8. d3 {White has an edge.}
Bd6 9. Ne5 Qc7 10. f4 O-O 11. Nd2 {[#]} Qb6 $146 (11... h6 $11) ({Predecessor:
} 11... Nd7 12. Nxd7 Qxd7 13. e4 Bg6 14. Qe2 Rfe8 15. Rae1 f6 16. Qf2 Kh8 17.
Ba3 c4 18. Bxd6 Qxd6 19. bxc4 {1-0 (24) Aravindh,C (2641)-Bethke,R (2332)
Chess.com INT 2021}) 12. Kh1 (12. e4 $1 $16 {[%cal Re4f5]}) 12... Rad8 $2 (
12... Bxe5 $14 13. fxe5 (13. Bxe5 Ng4 $11) 13... Nd7) 13. Qe2 $2 (13. e4 $1 $18
{and the rest is easy.}) 13... Nd7 $2 {[#]} (13... Bg6 $16) 14. Nxd7 $1 $18
Rxd7 15. e4 Bg6 {[#]} 16. f5 $1 exf5 17. exf5 Re7 18. Qf3 Qa5 19. Rf2 (19. fxg6
Qxd2 20. Bxg7 hxg6 $18) 19... c4 20. bxc4 (20. fxg6 c3 $16) 20... Qb6 {White
must now prevent ...Re3.} 21. Rb1 ({Weaker is} 21. fxg6 Qxb2 22. gxh7+ Kxh7 $14
) ({Less strong is} 21. Bxg7 Re3 22. Bxf8 Rxf3 23. Rxf3 Bxf8 $14) 21... Re3 22.
Qd1 Rfe8 $2 (22... Rh3 23. Be5 Qxf2 24. Bxd6 Bh5) 23. fxg6 {[%cal Bf5g6,Bg6f7]
[%mdl 32]} Re1+ 24. Rf1 {White is clearly winning.} Rxd1 (24... Rxf1+ $142 25.
Qxf1 hxg6 26. Bxg7 Qe3) 25. gxf7+ Kf8 {[#]} 26. Bxg7+ $1 {[%mdl 512] Weighted
Error Value: White=0.20 (precise) /Black=0.81} 1-0

[Event "European Rapid Championship 2021"]
[Site "Katowice"]
[Date "2021.12.18"]
[Round "1.21"]
[White "Kowalski, Igor"]
[Black "Lechowski, Witold"]
[Result "1-0"]
[WhiteElo "2263"]
[BlackElo "1688"]
[Annotator "NA RC"]
[PlyCount "43"]
[EventDate "2021.12.18"]
[EventType "swiss"]
[EventCountry "POL"]
[SourceTitle "playchess.com"]
[Source "ChessBase"]
[SourceQuality "1"]
[TimeControl "900+10"]

1. d4 {[%emt 0:00:01]} Nf6 {[%emt 0:00:11]} 2. Nf3 {[%emt 0:00:02]} g6 {
[%emt 0:00:18]} 3. Nc3 {[%emt 0:00:03]} d5 {[%emt 0:00:24]} 4. Bf4 {[%emt 0:00:
03]} Bg7 {[%emt 0:00:40]} 5. e3 {[%emt 0:00:04]} O-O {[%emt 0:00:22]} 6. h4 {
[%emt 0:00:02]} h5 {[%emt 0:00:46]} 7. Ne5 {[%emt 0:00:04]} Nbd7 {[%emt 0:00:
34]} 8. Be2 {[%emt 0:00:17]} Nb6 {[%emt 0:00:41]} 9. g4 {[%emt 0:00:14]} Bxg4 {
[%emt 0:00:46]} 10. Nxg4 {[%emt 0:00:05]} Nxg4 {[%emt 0:00:06]} 11. Bxg4 {
[%emt 0:00:02]} hxg4 {[%emt 0:00:02]} 12. Qxg4 {[%emt 0:00:07]} Qc8 {[%emt 0:
00:30]} 13. Qg3 {[%emt 0:00:06]} c6 {[%emt 0:00:34]} 14. h5 {[%emt 0:00:07]}
Qf5 {[%emt 0:00:57]} 15. O-O-O {[%emt 0:00:17]} Nd7 {[%emt 0:00:32]} 16. Rdg1 {
[%emt 0:04:12]} e5 {[%emt 0:01:10]} 17. dxe5 {[%emt 0:00:13]} Nxe5 {[%emt 0:00:
07]} 18. hxg6 {[%emt 0:00:33]} Nxg6 {[%emt 0:00:48]} 19. Qh2 {[%emt 0:01:56]}
Rfd8 {[%emt 0:00:57]} 20. Bd6 {[%emt 0:05:33]} Nh4 {[%emt 0:04:28]} 21. Qxh4 {
[%emt 0:00:09]} Rxd6 {[%emt 0:00:04]} 22. Qh8# {[%emt 0:00:04]} 1-0

[Event "European Rapid Championship 2021"]
[Site "Katowice"]
[Date "2021.12.18"]
[Round "1.22"]
[White "Matei, Adrian"]
[Black "Brodowski, Piotr"]
[Result "0-1"]
[WhiteElo "1792"]
[BlackElo "2414"]
[Annotator "TA"]
[PlyCount "82"]
[EventDate "2021.12.18"]
[EventType "swiss"]
[EventCountry "POL"]
[SourceTitle "playchess.com"]
[Source "ChessBase"]
[SourceQuality "1"]

{[%evp 28,82,0,0,2,-63,-64,-66,-34,-38,-10,-16,-10,-21,0,-5,0,0,0,0,0,0,29,-62,
-65,-55,0,-48,0,0,31,32,22,-58,-58,-62,-55,-133,-139,-134,-129,-274,-113,-431,
-420,-358,-230,-386,0,-370,-184,-394,-269,-424,-381,-29998,-29999]} 1. e4 c5 2.
Nf3 Nc6 3. d4 cxd4 4. Nxd4 Nf6 5. Nc3 e5 6. Ndb5 d6 7. Bg5 a6 8. Na3 b5 9. Nd5
Be7 10. Bxf6 Bxf6 11. c3 O-O 12. Nc2 Rb8 13. Nce3 Bg5 14. Bd3 Be6 15. O-O g6 {
B33: Sicilian: Pelikan and Sveshnikov Variations.} 16. f4 (16. a4 $11) 16...
exf4 $15 17. Nxf4 Ne5 {[#] Black is slightly better.} 18. Ned5 $146 {Prevents
Qb6+.} ({Predecessor:} 18. Kh1 Bxf4 19. Rxf4 Qg5 20. g3 a5 21. Nd5 Bxd5 22.
exd5 b4 23. c4 a4 24. b3 a3 25. Rc1 h5 26. c5 Ng4 27. Be4 Qxf4 28. gxf4 Nf2+
29. Kg2 Nxd1 {0-1 (29) Angeles Cano,M (2094)-Fernandez Siles,L (2236) Mancha
Real 2002}) 18... Qd7 19. Bc2 Qa7+ 20. Kh1 a5 21. Qe1 h5 22. Qg3 Bg4 23. h4 Bd8
24. Nd3 Nc4 25. Nf6+ (25. b3 $11 Nb6 26. Nf6+ (26. Qxd6 Nxd5 27. exd5 Rc8 $17)
26... Bxf6 27. Rxf6) 25... Bxf6 26. Rxf6 Qe7 (26... Qe3 $15 27. Qxe3 Nxe3) 27.
Rf2 (27. Qf4 $11) 27... Rbc8 (27... Qxe4 $15 {is more appropriate.} 28. Re1 Qc6
) 28. Re1 $11 Ne5 {[%cal Ob5b4]} 29. Nf4 Be6 30. Nxe6 (30. Nxh5 $1 $11 Ng4 31.
Rf5) 30... fxe6 $15 31. Rxf8+ Rxf8 32. a4 ({Better is} 32. Bd1 $1 $15) 32...
bxa4 {Black is more active.} 33. Bxa4 Qb7 34. b3 (34. Bd1 $17) 34... Ng4 (34...
Kg7 $19 {has better winning chances.} 35. c4 Qb6) 35. Kg1 $2 {[%mdl 8192] [#]}
(35. Qxd6 Qf7 36. Rg1 Qf2 37. Qxe6+ Kh8 $19) (35. b4 $17) 35... Qb6+ $19 36.
Kh1 Nf2+ 37. Kh2 $2 (37. Kg1 {only move.} Ng4+ 38. Kh1) 37... Ng4+ 38. Kh1 Qc7
$40 {[%mdl 128] Black goes for the king.} (38... Kh7 $142 {...Qa6 is the
strong threat.} 39. c4 Qd4) 39. c4 $2 (39. Bb5) 39... Qe7 {White must now
prevent ...Qf6.} 40. Bc6 (40. c5 {was forced.} dxc5 41. Bb5) 40... Qf6 {
[%cal Of6f1] ( -> ...Qf1+!)} 41. Rb1 {[#] Inhibits Qf1+.} (41. Rg1 $19) 41...
Qf1+ $1 {[%mdl 512] Weighted Error Value: White=0.74/Black=0.51} 0-1

[Event "European Rapid Championship 2021"]
[Site "Katowice"]
[Date "2021.12.18"]
[Round "1.22"]
[White "Nadal Tur, Antonio"]
[Black "Kalogeris, Ioannis"]
[Result "0-1"]
[WhiteElo "1721"]
[BlackElo "2357"]
[Annotator "TA"]
[PlyCount "58"]
[EventDate "2021.12.18"]
[EventType "swiss"]
[EventCountry "POL"]
[SourceTitle "playchess.com"]
[Source "ChessBase"]
[SourceQuality "1"]

{[%evp 9,58,-89,-51,-122,-131,-121,-32,-198,-214,-199,-164,-284,-270,-285,-270,
-261,-219,-303,-284,-287,-289,-286,-244,-235,-237,-260,-259,-262,-250,-295,
-295,-423,-395,-405,-332,-339,-360,-627,-615,-661,-660,-720,-600,-758,-709,
-650,-637,-966,-928,-1488,-1467]} 1. e4 e5 2. f4 exf4 3. Nf3 g5 4. Bc4 d6 {
[%cal Bd7d6,Bd6d5][%mdl 32]} 5. O-O Be6 6. Bb5+ {C37: King's Gambit Accepted:
Muzio Gambit.} (6. Bxe6 $15 fxe6 7. d4) 6... c6 $17 {[#]} 7. Ba4 $146 ({
Predecessor:} 7. Be2 Bg7 8. d4 Nd7 9. Nxg5 Qxg5 10. Bxf4 Qg6 11. d5 Bh3 12. Bg3
Bxg2 13. Kxg2 Qxe4+ 14. Bf3 Qc4 15. dxc6 bxc6 16. Re1+ Kd8 17. Qxd6 Bxb2 18.
Qc7# {1-0 (18) Diaz,A-Gokoyev,V Dos Hermanas 2004}) 7... g4 (7... Bg7 $17 8. d4
h6) 8. d4 $2 {[#] Now White is beyond hope.} gxf3 $19 9. Qxf3 d5 10. e5 (10.
Nc3 $142 Nf6 11. Qxf4 Nxe4 12. Nxe4 dxe4 13. Qxe4) 10... Nd7 11. Bxf4 Qb6 {
[%csl LRb2,LRd4]} 12. c3 h5 13. Bb3 Ne7 14. Nd2 Ng6 15. Be3 Bh6 16. Bxh6 Rxh6
17. Kh1 O-O-O 18. a4 a5 19. Qf2 h4 {[%cal Bh5h4,Bh4h3][%mdl 32]} 20. c4 (20.
Rab1 $142) 20... h3 21. g3 Ne7 22. c5 Qb4 {[#] aiming for ...Nf5.} 23. Bd1 $2 (
23. Bc2) 23... f6 {Black is clearly winning.} 24. Ra3 fxe5 25. dxe5 Qxc5 26.
Qf4 Rhh8 27. Rc3 Qb4 28. Qg5 Rdg8 29. Qe3 d4 {Weighted Error Value: White=0.82/
Black=0.23 (precise)} 0-1

[Event "European Rapid Championship 2021"]
[Site "Katowice"]
[Date "2021.12.18"]
[Round "1.23"]
[White "Dragnev, Valentin"]
[Black "Kotula, Pawel"]
[Result "1-0"]
[WhiteElo "2409"]
[BlackElo "1833"]
[Annotator "TA"]
[PlyCount "51"]
[EventDate "2021.12.18"]
[EventType "swiss"]
[EventCountry "POL"]
[SourceTitle "playchess.com"]
[Source "ChessBase"]
[SourceQuality "1"]

{[%evp 15,51,15,30,0,0,0,0,0,73,2,75,80,126,113,140,119,139,115,129,0,150,154,
143,147,188,190,181,188,225,52,112,112,265,245,427,408,389,385]} 1. e4 c5 2.
Nf3 e6 3. d4 cxd4 4. Nxd4 Nf6 5. Nc3 Nc6 6. g3 d5 7. exd5 Nxd5 8. Bg2 Bb4 9.
Nxc6 {B45: Sicilian Four Knights.} (9. O-O $5 {[%cal Rc3d5]}) 9... bxc6 10. O-O
O-O 11. Qg4 {[#] aiming for Nxd5. The position is equal.} a5 $146 (11... Bxc3
$11 12. bxc3 Ba6) ({Predecessor:} 11... Ba6 12. Nxd5 Bxf1 13. Bh6 g6 14. Rxf1
exd5 15. Qxb4 Re8 16. Qc3 d4 17. Qc4 Rb8 {1-0 (28) Fressinet,L (2705)
-Lamorelle,J (2355) Paris 2015}) 12. Rd1 (12. Na4 $1 $16) 12... Qe7 (12... Ba6
$11 {keeps the balance.}) 13. Na4 $16 Ba6 (13... e5 $142 14. Qe2 Rb8) 14. c4
Nf6 {[#]} 15. Qe2 {White is more active.} Rac8 16. Bf4 {And now a3 would win.}
Nd5 17. Bc1 (17. Bd2 $16) 17... Rfd8 {[#]} ({Black should play} 17... Nf6 $1
$11) 18. Qc2 $1 Nf6 19. Be3 Ng4 (19... Rxd1+ $16 20. Rxd1 Ng4) 20. Bb6 $18
Rxd1+ 21. Rxd1 {Black must now prevent a3.} h6 22. c5 $2 ({White should try} 
22. a3 $18 Bd6 23. Bxa5) 22... Bb5 $1 $14 23. a3 $36 {[%mdl 2048] White is
really pushing.} Bxa4 $2 (23... Qf6 $16 {was necessary.} 24. b3 (24. axb4 Bxa4
25. Qxa4 Qxf2+ 26. Kh1 Ne3 $11) 24... Bxa3) 24. Qxa4 $18 {[%mdl 64] Pin,
Double Attack} Bxc5 (24... Nxf2 25. Kxf2 (25. axb4 Nxd1 26. Qxd1 axb4 $11)
25... Bxc5+ 26. Bxc5 Qxc5+ 27. Qd4 Qh5) 25. Bxc5 Qxc5 26. Qxg4 {Weighted Error
Value: White=0.34/Black=0.60} 1-0

[Event "European Rapid Championship 2021"]
[Site "Katowice"]
[Date "2021.12.18"]
[Round "1.23"]
[White "Kuegel, Tobias"]
[Black "Musial, Igor"]
[Result "1-0"]
[WhiteElo "2242"]
[BlackElo "1796"]
[Annotator "RC"]
[PlyCount "105"]
[EventDate "2021.12.18"]
[EventType "swiss"]
[EventCountry "POL"]
[SourceTitle "playchess.com"]
[Source "ChessBase"]
[SourceQuality "1"]
[TimeControl "900+10"]

1. e4 {[%emt 0:00:03]} c5 {[%emt 0:00:01]} 2. c4 {[%emt 0:00:04]} Nc6 {[%emt 0:
00:02]} 3. Ne2 {[%emt 0:00:03]} e5 {[%emt 0:00:18]} 4. d3 {[%emt 0:00:15]} d6 {
[%emt 0:00:01]} 5. Nbc3 {[%emt 0:00:06]} g6 {[%emt 0:00:12]} 6. g3 {[%emt 0:00:
14]} Bg7 {[%emt 0:00:14]} 7. Bg2 {[%emt 0:00:06]} Nge7 {[%emt 0:00:01]} 8. O-O
{[%emt 0:00:03]} O-O {[%emt 0:00:02]} 9. Nd5 {[%emt 0:00:18]} Be6 {[%emt 0:00:
30]} 10. Rb1 {[%emt 0:01:40]} f5 {[%emt 0:04:23]} 11. a3 {[%emt 0:03:56]} Nd4 {
[%emt 0:04:40]} 12. Nxd4 {[%emt 0:05:12]} cxd4 {[%emt 0:00:35]} 13. Bg5 {
[%emt 0:02:03]} Bxd5 {[%emt 0:00:03]} 14. cxd5 {[%emt 0:00:01]} h6 {[%emt 0:00:
10]} 15. Bd2 {[%emt 0:00:02]} Qb6 {[%emt 0:01:22]} 16. Qa4 Rac8 {[%emt 0:01:19]
} 17. b4 {[%emt 0:01:10]} a6 {[%emt 0:02:13]} 18. Rbc1 {[%emt 0:00:33]} Qb5 {
[%emt 0:00:24]} 19. Qxb5 {[%emt 0:01:01]} axb5 {[%emt 0:00:01]} 20. Bh3 {
[%emt 0:00:09]} Kf7 {[%emt 0:00:33]} 21. f4 {[%emt 0:00:14]} exf4 {[%emt 0:01:
07]} 22. Bxf4 {[%emt 0:00:19]} g5 {[%emt 0:00:19]} 23. Bxd6 {[%emt 0:00:14]}
Rxc1 {[%emt 0:00:05]} 24. Rxc1 {[%emt 0:00:05]} fxe4 {[%emt 0:00:06]} 25. Be6+
{[%emt 0:00:35]} Ke8 {[%emt 0:00:01]} 26. Rc7 {[%emt 0:00:28]} Bf6 {[%emt 0:00:
24]} 27. Rxb7 {[%emt 0:00:11]} Ng6 {[%emt 0:00:06]} 28. Rb8+ {[%emt 0:00:19]}
Bd8 {[%emt 0:00:01]} 29. Bxf8 {[%emt 0:00:04]} Nxf8 {[%emt 0:00:02]} 30. dxe4 {
[%emt 0:00:07]} Ke7 {[%emt 0:00:03]} 31. e5 {[%emt 0:00:11]} Ng6 {[%emt 0:00:
20]} 32. Rb7+ {[%emt 0:00:05]} Kf8 {[%emt 0:00:04]} 33. Rb8 {[%emt 0:00:25]}
Ke7 {[%emt 0:00:01]} 34. d6+ {[%emt 0:00:11]} Kxe6 {[%emt 0:00:01]} 35. Rxd8 {
[%emt 0:00:01]} Nxe5 {[%emt 0:00:02]} 36. Kf1 Nf7 {[%emt 0:00:45]} 37. Rb8 {
[%emt 0:00:26]} Nxd6 {[%emt 0:00:03]} 38. Rh8 {[%emt 0:00:03]} Nf5 {[%emt 0:00:
02]} 39. Ke2 {[%emt 0:00:04]} Kd5 {[%emt 0:00:22]} 40. Kd3 {[%emt 0:00:03]} Ke5
{[%emt 0:00:05]} 41. Rb8 {[%emt 0:00:27]} Nd6 {[%emt 0:00:05]} 42. Rb6 {
[%emt 0:00:08]} Kd5 {[%emt 0:00:46]} 43. g4 {[%emt 0:00:18]} Ke5 {[%emt 0:00:
05]} 44. Rxd6 {[%emt 0:00:08]} Kxd6 {[%emt 0:00:01]} 45. Kxd4 {[%emt 0:00:02]}
Ke6 {[%emt 0:00:00]} 46. Kc5 {[%emt 0:00:27]} Ke5 {[%emt 0:00:01]} 47. Kxb5 {
[%emt 0:00:02]} Kf4 {[%emt 0:00:01]} 48. a4 {[%emt 0:00:14]} Kxg4 {[%emt 0:00:
02]} 49. a5 {[%emt 0:00:00]} Kh3 {[%emt 0:00:01]} 50. a6 {[%emt 0:00:01]} Kxh2
{[%emt 0:00:02]} 51. a7 {[%emt 0:00:00]} g4 {[%emt 0:00:01]} 52. a8=Q {[%emt 0:
00:05]} h5 {[%emt 0:00:04]} 53. Qh8 {[%emt 0:00:13]} 1-0